000
00249nam a2200121Ia 4500
100
_a
#N/A
650
_a
Computer/ IT
942
_c
BK
654
_a
seven tools
245
_a
Training Modules on New Seven Tools
260
_b
#N/A
546
_a
ENGLISH
999
_c
30680
_d
30680